|
|
|
|
| LEADER |
01089nam a22002777i 4500 |
| 001 |
28916 |
| 003 |
BD-DhAAL |
| 005 |
20150228101834.0 |
| 008 |
150228r19841973bg 000 1 ben |
| 020 |
|
|
|a 9840738852
|
| 040 |
|
|
|a BD-DhAAL
|c BD-DhAAL
|
| 041 |
|
|
|a ben
|
| 042 |
|
|
|a lcode
|
| 082 |
|
|
|a 891.4/4371
|
| 100 |
1 |
|
|a বেগম রোকেয়া
|9 6691
|
| 245 |
1 |
0 |
|a রোকেয়া রচনাবলী /
|c আব্দুল কাদির সম্পাদিত।
|
| 260 |
|
|
|a ঢাকাঃ
|b বাংলা একাডেমী,
|c ১৯৮৪
|
| 300 |
|
|
|a ৫৮৪ পৃ ;
|c ২২ সেমি
|
| 500 |
|
|
|a Novel.
|
| 541 |
|
|
|e 28916
|
| 546 |
|
|
|a In Bengali.
|
| 651 |
|
0 |
|a Bangladesh
|x Fiction
|9 6692
|
| 700 |
1 |
|
|a কাদির, আব্দুল
|9 8825
|
| 942 |
|
|
|2 ddc
|c BK
|
| 999 |
|
|
|c 33808
|d 33808
|
| 952 |
|
|
|0 0
|1 0
|2 ddc
|4 0
|6 891_443710000000000_BEG
|7 0
|9 52792
|a BRACUL
|b BRACUL
|c GEN
|d 2015-02-28
|e BRAC Institute of Language (BIL)
|l 1
|o 891.44371 BEG
|p 3010028916
|q 2026-06-02
|r 2026-05-19
|s 2026-05-19
|t 1
|w 2015-02-28
|y BK
|x Transferred from BIL to BRACUL on 06/06/22
|